| 000 | 00514nam a2200181Ia 4500 | ||
|---|---|---|---|
| 005 | 20250423100937.0 | ||
| 008 | 250422s9999 xx 000 0 und d | ||
| 020 | _a9789352691289 | ||
| 050 | _aHV 6025 .D48/ | ||
| 100 | _aDevendra, Kumar Sharma | ||
| 245 | 0 | _aSociological theory of crime and criminology | |
| 260 | _aNew Delhi | ||
| 260 | _bRandom Publications | ||
| 260 | _c2019 | ||
| 300 | _a289 p | ||
| 650 | _a Criminology. Criminal justice, Administration of. Corrections. | ||
| 942 | _cBK | ||
| 999 |
_c34816 _d34816 |
||